[Event "NED-ch U13"]
[Site "Rijswijk"]
[Date "2006.05.27"]
[Round "9"]
[White "Ducarmon, Renzo"]
[Black "Huenen, Tristan"]
[Result "1-0"]
[WhiteElo "1276"]
[BlackElo "1468"]
[PlyCount "61"]
[EventDate "2006.05.25"]
[EventType "swiss"]
[EventRounds "9"]
[EventCountry "NED"]
[SourceTitle "EXT 2009"]
[Source "ChessBase"]
[SourceDate "2008.11.26"]
[SourceVersion "1"]
[SourceVersionDate "2008.11.26"]
[SourceQuality "1"]

1. e4 e5 2. Nf3 Nc6 3. Nc3 Bc5 4. Bc4 d6 5. h3 Nf6 6. d3 h6 7. Be3 Bxe3 8. fxe3 0-0 9. d4 Bd7 10. dxe5 Nxe5 11. Nxe5 dxe5 12. Qd2 Bc6 13. Bd3 Re8 14. 0-0-0 Qd6 15. g4 Rad8 16. Qg2 g5 17. h4 Qe6 18. Rdg1 Bd7 19. Be2 Kf8 20. hxg5 hxg5 21. Rh6 Ke7 22. Nd5+ Kf8 23. Rxf6 Qxf6 24. Nxf6 Re6 25. Nxd7+ Rxd7 26. Qh3 f6 27. Qh8+ Ke7 28. Rh1 Kd6 29. Qf8+ Kc6 30. Qb4 a6 31. Bc4 1-0

[Event "NED-ch U13"]
[Site "Rijswijk"]
[Date "2006.05.25"]
[Round "1"]
[White "Pijpers, Arthur"]
[Black "Huenen, Tristan"]
[Result "1-0"]
[WhiteElo "1802"]
[BlackElo "1468"]
[PlyCount "79"]
[EventDate "2006.05.25"]
[EventType "swiss"]
[EventRounds "9"]
[EventCountry "NED"]
[SourceTitle "EXT 2009"]
[Source "ChessBase"]
[SourceDate "2008.11.26"]
[SourceVersion "1"]
[SourceVersionDate "2008.11.26"]
[SourceQuality "1"]

1. e4 e5 2. Nf3 Nc6 3. Bc4 Nf6 4. Ng5 d5 5. exd5 Nxd5 6. d4 Bb4+ 7. c3 Be7 8. h4 h6 9. Qf3 Be6 10. Nxe6 fxe6 11. Qh5+ Kf8 12. dxe5 Qe8 13. Qf3+ Qf7 14. Bxd5 exd5 15. Qxf7+ Kxf7 16. f4 Bc5 17. Ke2 Rhe8 18. b4 Bb6 19. a4 a6 20. Bd2 Rad8 21. Kd3 Rd7 22. Na3 Red8 23. Nc2 d4 24. c4 Ke6 25. g4 g6 26. Rae1 Re7 27. Re4 a5 28. c5 Ba7 29. b5 Nb8 30. Nxd4+ Kf7 31. Kc4 b6 32. c6 Nd7 33. cxd7 Rdxd7 34. e6+ Kf6 35. exd7 Rxd7 36. Bc3 Kf7 37. Rhe1 c5 38. Re7+ Rxe7 39. Rxe7+ Kxe7 40. Nc6+ 1-0

[Event "NED-ch U13"]
[Site "Rijswijk"]
[Date "2005.05.07"]
[Round "9"]
[White "Huenen, Tristan"]
[Black "Flinkenfluger, Renzo"]
[Result "1/2-1/2"]
[WhiteElo "1434"]
[BlackElo "1529"]
[PlyCount "72"]
[EventDate "2005.05.05"]
[EventType "swiss"]
[EventRounds "9"]
[EventCountry "NED"]
[SourceTitle "EXT 2013"]
[Source "ChessBase"]
[SourceDate "2012.11.22"]
[SourceVersion "1"]
[SourceVersionDate "2012.11.22"]
[SourceQuality "1"]

1. e4 e5 2. Nf3 Nc6 3. Nc3 Nf6 4. Bc4 Bc5 5. 0-0 d6 6. h3 Be6 7. Bb5 Qd7 8. d3 a6 9. Ba4 Bxh3 10. gxh3 Qxh3 11. Nh2 Qg3+ 12. Kh1 Bxf2 13. Qf3 Qxf3+ 14. Nxf3 Bb6 15. Bxc6+ bxc6 16. Bg5 Nd7 17. Na4 f6 18. Bh4 0-0-0 19. c4 h5 20. Nxb6+ cxb6 21. b4 g5 22. Bf2 h4 23. Kh2 Rdg8 24. Rg1 Kd8 25. Ne1 g4 26. Be3 g3+ 27. Kh3 c5 28. a3 Ke7 29. Rb1 Ke6 30. Nf3 Rh7 31. a4 Rhg7 32. Rb2 Nf8 33. b5 a5 34. Bh6 Rg6 35. Bxf8 Rxf8 36. Rbg2 Rh8 1/2-1/2

[Event "NED-ch U13"]
[Site "Rijswijk"]
[Date "2005.05.07"]
[Round "7"]
[White "Huenen, Tristan"]
[Black "Ten Holte, Benjamin"]
[Result "0-1"]
[WhiteElo "1434"]
[BlackElo "1597"]
[PlyCount "154"]
[EventDate "2005.05.05"]
[EventType "swiss"]
[EventRounds "9"]
[EventCountry "NED"]
[SourceTitle "EXT 2013"]
[Source "ChessBase"]
[SourceDate "2012.11.22"]
[SourceVersion "1"]
[SourceVersionDate "2012.11.22"]
[SourceQuality "1"]

1. e4 c5 2. Nf3 Nc6 3. Nc3 Nf6 4. Bc4 e6 5. d3 d5 6. exd5 exd5 7. Bb5 Qe7+ 8. Qe2 Bd7 9. Qxe7+ Bxe7 10. Ng5 0-0 11. 0-0 a6 12. Bxc6 Bxc6 13. Re1 Rfe8 14. Nf3 d4 15. Ne4 Nxe4 16. dxe4 Bf6 17. Nd2 Bg5 18. f3 Be3+ 19. Kh1 Bb5 20. Rd1 f5 21. Nf1 Bxc1 22. Raxc1 Bxf1 23. Rxf1 fxe4 24. fxe4 Rxe4 25. Rce1 Rae8 26. Rd1 Re2 27. Rc1 d3 28. cxd3 Rxb2 29. Rxc5 Rxa2 30. h3 h6 31. d4 Ree2 32. Rc8+ Kh7 33. Rg1 Red2 34. Rd8 Ra4 35. d5 Rad4 36. Rb1 Rd1+ 37. Rxd1 Rxd1+ 38. Kh2 Kg6 39. Rd7 b5 40. Rd6+ Kf5 41. Rxa6 Rxd5 42. Ra5 Kf4 43. Ra3 Ke4 44. Rb3 Kd4 45. Kg1 Kc4 46. Rb1 Re5 47. Kf2 Kc3 48. Kf3 b4 49. Kf4 Re6 50. Kf5 Re2 51. g3 b3 52. Kf4 b2 53. Kf3 Rc2 54. Re1 Rc1 55. Re3+ Kb4 56. Re4+ Ka3 57. Re3+ Ka2 58. Re2 Ka1 59. Re8 b1Q 60. Ra8+ Qa2 61. Rxa2+ Kxa2 62. Kg4 Rc5 63. Kf4 Kb3 64. g4 g5+ 65. Kg3 Rc3+ 66. Kf2 Rxh3 67. Kg2 Rc3 68. Kf2 Kc4 69. Kg2 Kd4 70. Kf2 Ke4 71. Kg2 Kf4 72. Kh2 Kxg4 73. Kg2 Rc2+ 74. Kf1 h5 75. Kg1 Kf3 76. Kh1 Kg3 77. Kg1 Rc1# 0-1

[Event "NED-ch U13"]
[Site "Rijswijk"]
[Date "2005.05.06"]
[Round "6"]
[White "Sekandar, Kambiz"]
[Black "Huenen, Tristan"]
[Result "1/2-1/2"]
[WhiteElo "1529"]
[BlackElo "1434"]
[PlyCount "114"]
[EventDate "2005.05.05"]
[EventType "swiss"]
[EventRounds "9"]
[EventCountry "NED"]
[SourceTitle "EXT 2013"]
[Source "ChessBase"]
[SourceDate "2012.11.22"]
[SourceVersion "1"]
[SourceVersionDate "2012.11.22"]
[SourceQuality "1"]

1. e4 e5 2. Nf3 Nc6 3. d4 exd4 4. Nxd4 Nf6 5. Bg5 Bc5 6. Nxc6 bxc6 7. e5 h6 8. exf6 hxg5 9. fxg7 Rg8 10. Qh5 Qf6 11. Qe2+ Be7 12. Nc3 Qxg7 13. 0-0-0 Bb7 14. Re1 Qf6 15. Ne4 Qe6 16. Kb1 c5 17. Nc3 Qxe2 18. Rxe2 Kd8 19. f3 Bc6 20. Rd2 Rb8 21. Bc4 Rg7 22. Nd5 Bxd5 23. Bxd5 Bf6 24. b3 a5 25. Rhd1 d6 26. Bc6 Kc8 27. Re1 Rg8 28. Rde2 Bd8 29. Re8 Rxe8 30. Rxe8 Rb6 31. Bd5 Rb8 32. Bxf7 Kb7 33. Rh8 Ka7 34. Kc1 Kb6 35. Bc4 Kc6 36. Kd2 Kd7 37. Ke3 c6 38. Ke4 d5+ 39. Bxd5 cxd5+ 40. Kxd5 Rb6 41. Rh7+ Be7 42. g3 Rb4 43. c4 Rb8 44. h4 gxh4 45. gxh4 Rf8 46. Ke4 Rf6 47. f4 Kd6 48. f5 Bf8 49. Ra7 Rh6 50. Ra6+ Ke7 51. Rxh6 Bxh6 52. Ke5 Bg7+ 53. Kf4 Kf6 54. Kg4 Bf8 55. Kf4 Bh6+ 56. Kg4 Bf8 57. a4 Bg7 1/2-1/2